000 00519nam a2200217Ia 4500
003 OSt
005 20220923230716.0
006 a|||||r|||| 00| 0
007 ta
008 Pun
024 _a304,955
037 _cTextual
040 _aARTS
_cARTS
_bPun
041 _2Pun
_aPun
082 _aU8.561'N73, 153M1
100 _aਅਮੋਲ
245 0 _aਇੰਗਲੈ੍ਵਡ ਦੀ ਯਾਦ
260 _c1981
942 _hU8.561'N73, 153M1
_cTEXL
_2CC
999 _c386760
_d386760